000 00336nam a2200133Ia 4500
008 240624s9999 xx 000 0 und d
041 _aeng
082 _a920 HEN
100 _aISAACS JEREMY
245 _aCOLD WAR FOR FORTY FIVE YEARS THE WORLD
260 _c2008
_aLondon
_bAbacus
300 _axx, : 536 : p. : cm. ; 20
365 _cRS
999 _c21165
_d21165